#9 Fußball WM Teilnehmer ? - Statistiken

Allgemein
  • Dieses Quiz wurde 176 mal gespielt
  • Das Durchschnittsergebnis liegt bei 5 aus 6
Answers on the Grid
Answers color-coded by a green-red scale on the quiz's grid according to % correct below.
Griechenland
Türkei
Nordirland
Costa Rica
Guinea
Simbabwe
Myanmar
Mauretanien
Libyen
Somalia
Armenien
Aserbaidschan
Färöer
Südkorea
Spanien
 
Antwortstatistiken
Antwort % Korrekt
Spanien
95%
Südkorea
95%
Türkei
95%
Griechenland
94%
Costa Rica
91%
Nordirland
65%
Keine übereinstimmenden Quizze gefunden
Verteilung der Resultate
Anzahl Personen mit jedem Resultat
Perzentil nach korrekt beantworteten Fragen
Ihre Resultats-Entwicklung
Sie haben dieses Quiz noch nicht gespielt